Information and Learning Science

Bibliographic Details
Format: eBook
Language:English
Published: Bingley: Emerald Group Publishing Limited, 2017 -
Subjects:
Online Access:Acceso restringido

MARC

LEADER 00000nam a22000007a 4500
005 20210208235957.0
007 cr|||| ||||
008 210209c20179999gb br|w s|||| 0|||b1eng d
035 |a 31925 
040 |a vLex 
090 |c 11126  |d 11126 
245 0 0 |a Information and Learning Science  |h [Recurso electrn̤ico] / 
256 |a Servicio en ln̕ea 
260 |a Bingley:  |b Emerald Group Publishing Limited,  |c 2017 -  
300 |a 1 recurso electrn̤ico 
310 |a Bimestral 
506 1 |a Disponible solo en los productos indicados  |d vLex Global  |d vLex Global (Academic Edition, excluding Law Schools)  |d vLex Global (U.S. Academic Edition, Law Schools)  |d vLex Global (U.S. Academic Edition, excluding Law Schools)  |d vLex Global (Academic Edition, Law Schools) 
650 0 4 |a Derecho de las Nuevas Tecnologa̕s  |z Reino Unido 
650 0 4 |a Derecho Pb︢lico y Administrativo  |z Reino Unido 
740 0 |a vLex Revistas (Servicio en ln̕ea) 
856 4 0 |u http://vlex.com/source/31925  |z Acceso restringido 
942 |c REV 
999 0 |a New Technologies Law 
999 0 |a Public and Administrative Law